Introduction to JAVA programming : (Record no. 13848)
[ view plain ]
| 000 -LEADER | |
|---|---|
| fixed length control field | 00969nac a22002775a 4500 |
| 008 - FIXED-LENGTH DATA ELEMENTS--GENERAL INFORMATION | |
| fixed length control field | 090413t2009 njua frb 00| 0 eng d |
| 010 ## - LIBRARY OF CONGRESS CONTROL NUMBER | |
| LC control number | 2006045825 |
| 020 ## - INTERNATIONAL STANDARD BOOK NUMBER | |
| International Standard Book Number | 9780136059660 (alk. paper) |
| 020 ## - INTERNATIONAL STANDARD BOOK NUMBER | |
| International Standard Book Number | 013605966x (alk. paper) |
| 035 ## - SYSTEM CONTROL NUMBER | |
| System control number | (OCoLC)ocm69734610 |
| 082 04 - DEWEY DECIMAL CLASSIFICATION NUMBER | |
| Classification number | 005.133 |
| Item number | LIA |
| 100 1# - MAIN ENTRY--PERSONAL NAME | |
| 9 (RLIN) | 3620 |
| Personal name | Liang, Y. Daniel |
| 245 10 - TITLE STATEMENT | |
| Title | Introduction to JAVA programming : |
| Remainder of title | comprehensive version / |
| Statement of responsibility, etc | Y. Daniel Liang. |
| 246 30 - VARYING FORM OF TITLE | |
| Title proper/short title | JAVA programming |
| 250 ## - EDITION STATEMENT | |
| Edition statement | 7th ed. |
| 260 ## - PUBLICATION, DISTRIBUTION, ETC. (IMPRINT) | |
| Place of publication, distribution, etc | Upper Saddle River, New Jersey : |
| Name of publisher, distributor, etc | Pearson/Prentice Hall, |
| Date of publication, distribution, etc | c. 2009. |
| 300 ## - PHYSICAL DESCRIPTION | |
| Extent | 1329 p. : |
| Other physical details | ill. ; |
| Dimensions | 26 cm. |
| 500 ## - GENERAL NOTE | |
| General note | Index : p. 1307-1327. |
| 504 ## - BIBLIOGRAPHY, ETC. NOTE | |
| Bibliography, etc | Includes bibliographical references. |
| 590 ## - LOCAL NOTE (RLIN) | |
| Local note | Mohamed Hussein |
| 650 #0 - SUBJECT ADDED ENTRY--TOPICAL TERM | |
| Topical term or geographic name as entry element | Java (Computer program language) |
| 9 (RLIN) | 3621 |
| Source of heading or term | BUEsh |
| 651 ## - SUBJECT ADDED ENTRY--GEOGRAPHIC NAME | |
| Source of heading or term | BUEsh |
| 653 ## - INDEX TERM--UNCONTROLLED | |
| Resource For college | Informatics and Computer Science |
| Arrived date list | August2015 |
| 655 ## - INDEX TERM--GENRE/FORM | |
| Genre/form data or focus term | Programming in Java- Year 1 |
| Form subdivision | |
| General subdivision | Engineering |
| Chronological subdivision | Semester 2. 2008/2009 |
| 942 ## - ADDED ENTRY ELEMENTS (KOHA) | |
| Item type | Book - Borrowing |
| Call number prefix | 005.133LIA |
| Source of classification or shelving scheme | Dewey Decimal Classification |
| Withdrawn status | Item status | Source of classification or shelving scheme | Damaged status | Not for loan | Vendor | Home library | Current library | Shelving location | Date acquired | Source of acquisition | Cost, normal purchase price | Serial Enumeration / chronology | Total Checkouts | Total Renewals | Full call number | Barcode | Date last seen | Date last borrowed | Koha item type | Materials specified (bound volume or other part) |
|---|---|---|---|---|---|---|---|---|---|---|---|---|---|---|---|---|---|---|---|---|
| Dewey Decimal Classification | Alahram | Central Library | Central Library | Lower Floor | 13/04/2009 | 225.00 | 378 | 13 | 82 | 005.133 LIA | 000015535 | 15/07/2025 | 29/03/2023 | Book - Borrowing | ||||||
| Dewey Decimal Classification | Baccah | Central Library | Central Library | Lower Floor | 06/04/2010 | 14 | 29 | 005.133 LIA | 000020478 | 15/07/2025 | 25/02/2019 | Book - Borrowing | ||||||||
| Dewey Decimal Classification | Baccah | Central Library | Central Library | Lower Floor | 06/04/2010 | 7 | 17 | 005.133 LIA | 000020477 | 15/07/2025 | 18/09/2013 | Book - Borrowing | ||||||||
| Lost | Dewey Decimal Classification | Baccah | Central Library | Central Library | Lower Floor | 06/04/2010 | 005.133 LIA | 000020476 | 11/09/2013 | NB - Book (Non borrowing) | Lost In Inventory_2005-2015/8/22 |